01725nam a22002537a 450000500170000000800410001702000180005804000070007604100080008308200170009110000240010824500380013226000610017030000260023136500940025752008300035165000270118165000260120865000230123465000240125794200120128199900190129395201590131220260324100226.0260324b |||||||| |||| 00| 0 eng d a9789385915048 cAL aeng a001.64bFARD aAnam Faruqi9259119 aDesign and analysis of algorithms aNew DelhibCBS Publishers and Distributors Pvt Ltdc2016 ax,262pbPBc23x15.5cm 2Information Science and EngineeringaVBI-2645b₹206.25c₹d₹275.00e25%f20-02-2026 aThe book follows a comprehensive approach to the subject of design and analysis of algorithms. On a broader spectrum it provides a balanced approach to explain the principles of design and implementation of algorithms through assumption, step-wise explanation, and detailed sketches to make it intuitive. The text of the book is divided into four parts: Basic definition of algorithm, various methods of analysis and asymptotic notations, Data structures, Various approaches used for designing the algorithms, Miscellaneous topics that are relevant in the study of algorithms. It covers all the above topics in a cogent and lucid style to help students grasp the information quickly and easily. The book is intended to serve the needs of undergraduate and postgraduate students of various engineering and management courses.  aData structure9259120 aCounting Sort9259121 aRadix Sort9259122 aBucket Sort9259123 2ddccBK c241045d241045 00102ddc40708ISEaSEbSEd2026-02-20eVidyathri Books, Bengaluru-560076g206.25l0o001.64 FARDpSE000341r2026-03-24 10:03:45v275.00w2026-02-20yBK